Países con una población mayor de 100 millones - Estadísticas

Estadísticas generales
  • Esta prueba ha sido intentada 7.744 veces
    3.717 desde el último reinicio
  • La puntuación promedio es 13 de 16
Estadísticas de respuestas
Fecha Población País % Correcto
1420 1 427 M China
100%
1915 349 M Estados Unidos
99%
1450 1 452 M India
99%
1930 145 M Rusia
97%
1972 212 M Brasil
94%
2001 131 M México
91%
1964 124 M Japón
90%
1964 284 M Indonesia
81%
1991 233 M Nigeria
78%
1986 251 M Pakistán
77%
1985 174 M Bangladés
72%
2015 117 M Egipto
72%
2021 109 M R. D. del Congo
69%
2012 116 M Filipinas
60%
2022 101 M Vietnam
58%
2014 132 M Etiopía
54%
No se encontraron pruebas coincidentes
Distribución de puntuación
Porcentaje de gente con cada puntuación
Porcentaje por número respondido
Historial de tus puntuaciones
No has intentado esta prueba desde el último reinicio